000 01066nam a2200265Ia 4500
003 OSt
005 20220923211311.0
006 a|||||r|||| 00| 0
007 ta
008 220922b |||||||| |||| 00| 0 hin d
020 _a9788179756157 (hbk)
_c1200
024 _a284,507
037 _b26, 02/02/2015, P. K. Books
_cTextual
040 _aARTS
_cARTS
_bhin
041 _2hin
_ahin
082 _aO152,3:g(Y5927), Q4
100 _aश्यौराज सिंह बेचैन
_9160195
245 0 _aउपन्यास साहित्य में दलित समस्या एवं समाधान
246 _aUpanyās sāhitya mean dalit samasyā evan samādhāna
260 _aनई दिल्ली
_b अनामिका पब्लिशर्स
_c2014
300 _a511पृ.
_ccm.
650 _aहिन्दी साहित्य
_9156264
942 _hO152,3:g(Y5927), Q4
_cTEXL
_2CC
999 _c298245
_d298245